000 00693nam a2200289Ia 4500
005 20260324141522.0
008 008 260324s9999 xx 000 0 eng d
020 _a9780429500275
037 _aEBOOK
040 _aCRL
040 _beng
040 _cCRL
041 _2eng
041 _aeng
084 _qCRL
100 _aFritz W Scharpf
_91208491
245 0 _aGames Real Actors Play
245 0 _bActor-centered Institutionalism In Policy Research
260 _bTaylor and Francis
260 _c1997
365 _a
365 _b230
856 _uhttp://www.taylorfrancis.com/books/9780429500275
942 _cEBOOK
999 _c1811674
_d1811674